| 000 | 00416nam a22001817a 4500 | ||
|---|---|---|---|
| 003 | CEME | ||
| 005 | 20210628203932.0 | ||
| 008 | 210316b xxu||||| |||| 00| 0 eng d | ||
| 020 | _a0-07-056693-3 | ||
| 040 | _c. | ||
| 082 | _a004.56 CDR'E | ||
| 100 |
_aSherman, Chris _967908 |
||
| 245 | _aCd-rom handbook | ||
| 250 | _a2ND | ||
| 260 |
_aNEWYORK _bMCGRAW HILL _c1994 |
||
| 300 | _aXXIX,579P | ||
| 942 |
_cBK _2ddc |
||
| 999 |
_c575593 _d575593 |
||